000 00574nam a2200229Ia 4500
003 OSt
005 20230413145937.0
008 210423s2006 xx 000 0 und d
020 _a748620966
040 _cAL
041 _aeng
082 _a150
_223
_b WRIP
100 _aWRIGHT (Peter);MACLEOD (Hamish)
_988075
245 _apsychology
260 _aEdinburg
_bEdinburgh University Press
_c2006
300 _a160
_bPB
365 _b1097
_cINR
650 _aPhilosophy
_988076
650 _aPsychology
_988077
906 _aGet ; psychology. ; set
942 _2ddc
_cBK
999 _c157440
_d157440